Responses for Show #645 - Friday, May 29, 1987

Contestants

[<< previous game]

Steve Kallaugher, a promotion director from Brooklyn, New York

Beve Byer, a controller from Framingham, Massachusetts

Stephen Bradshaw, a graduate student from Fayetteville, Arkansas (whose 1-day cash winnings total $7,900)

Jeopardy! Round responses

ACTORS & ROLES
MATHEMATICS
COLORFUL NAMES
AMERICANA
FOOD
HOW TO...
    $100 3
Tarzan

Steve
    $100 1
numbers

Stephen
    $100 13
(Alex: Who is my good pal, [*]?)

Betty White

Triple Stumper
    $100 18
songs

Beve
    $100 17
coleslaw

Steve
    $100 9
how do you play tug of war

Beve
    $200 4
Anita Ekberg

Steve
    $200 2
(Stephen: What is prime?)

odd

StephenSteve
    $200 14
Mr. Green Jeans

Beve
    $200 27
Shirley Temple (Black)

Steve
    $200 19
mush

Beve
    $200 10
how do you make a snowball

Beve
    $300 5
Robert Culp

Steve
    $300 8
5:1

Beve
    $300 23
(Barry) Goldwater

Stephen
    $300 28
[The end-of-round signal sounds.]

Washington Crossing the Delaware

Beve
    $300 20
salmon

Steve
    $300 11
how do you hit a home run

Stephen
    $400 6
Grace Jones

Steve
    $400 12
9 & 10

Steve
    $900 25
(Alex: [Prior to the wager] We've got a minute to go in the round.)
...
(Beve: Who is Barry White?)
...
(Alex: I have a feeling Stephen knew that one, but he didn't have control of the board.)
...
[The song was reprised going into the break.]

Dobie Gray

Beve
    $400 21
grapes

Beve
    $400 15
how do you make thread

Beve
    $500 7
Sioux

Stephen
    $500 24
(Steve: What are the, uh, dividend and subtrahend?)

the numerator & denominator

BeveSteve
    $500 26
(Steve: Uh... who is White?)

(Hugo) Black

BeveSteve
    $500 22
Mexico

Triple Stumper
    $500 16
(Alex: You did well in that category, nice going.)

how do you curtsy

Beve

Scores at the first commercial break (after clue 14):

Stephen Beve Steve
$700 $800 $1,600

Scores at the end of the Jeopardy! Round:

Stephen Beve Steve
$1,000 $2,800 $1,200

Double Jeopardy! Round responses

SHAKESPEARE'S SETTINGS
THE COMICS
JUNE
SPIDERS & WEBS
ROCK 'N ROLL
DOUBLE DOUBLE LETTERS
    $200 1
the Capulets

Stephen
    $200 13
B.C.

Stephen
    $200 16
Yasser Arafat

Stephen
    $200 11
zero

Stephen
    $200 4
Neil Bogart

Steve
    $200 3
a balladeer

Steve
    $400 2
Messina

Beve
    $400 14
Beetle Bailey

Stephen
    $400 19
the U.S. Constitution

Stephen
    $400 12
ballooning

Steve
    $400 5
The Rolling Stones

Stephen
    $400 21
buttresses

Steve
    $500 6
(Stephen: What is Romeo and Juliet?)

Antony and Cleopatra

Stephen
    $600 15
(Beve: Who is Superman?)

Mickey Mouse

BeveSteve
    $600 20
Pan Am

Beve
    $600 26
(Alex: We've got a minute to go.)

liquid

Stephen
    $600 8
Cream

Steve
    $600 24
a spittoon

Beve
    $800 7
Athens

Steve
    $800 17
(Steve: I didn't mean that--uh, what's a cat?)

a tiger

Steve
Triple Stumper
    $800 22
James Earl Ray

Steve
    $2,000 27
weaving

Stephen
    $800 9
Steely Dan

Steve
    $800 25
freewheelin'

Steve
    $1000 23
Norway

Triple Stumper
    $1000 18
Betty Boop & Felix the Cat

Triple Stumper
    $1000 29
Napoleon Bonaparte

Stephen
    $1000 28
(Steve: Who is Robert Burns?)

Sir Walter Scott

Steve
Triple Stumper
    $1000 10
(Alex: You did well in that ROCK 'N ROLL category.)
[Applause]

Lynyrd Skynyrd

Steve
    $1000 30
a spoonbill

Triple Stumper

Scores at the end of the Double Jeopardy! Round:

Stephen Beve Steve
$6,100 $3,800 $6,000

[wagering suggestions for these scores]

Final Jeopardy! Round responses

THE CABINET
(Alex: [To Beve] Who was... Bobby Two Lines.)
[Beve laughs.]
(Alex: Didn't have time to finish.)
(Beve: No.)
(Alex: All right, let's see, that'll have to go against you.)
(Beve: [Overlapping] Wrong anyway.)
(Alex: Pardon?)
(Beve: I think it was wrong anyway.)
(Alex: Well, let's take a look how--how much you lost on this one...)
...
(Alex: So, Beve, you were on the right track. You would've been correct.)
BeveWho was Bobby ||
$500
SteveWho was Fortas?
$5,800
StephenWho was Robert Kennedy
$6,000
Robert Kennedy

Final scores:

Stephen Beve Steve
$12,100 $3,300 $200
2-day champion: $20,000 2nd place: Broyhill bedroom set + Dakota bedding ensemble 3rd place: Kosta Boda crystal stemware

Game dynamics:

Coryat scores:

Stephen Beve Steve
$5,400 $4,700 $6,000
14 R
(including 1 DD),
2 W
(including 1 DD)
15 R,
2 W
(including 1 DD)
20 R,
4 W

Combined Coryat: $16,100

[game clues] [game scores] [suggest correction]

Game tape date: 1987-01-14
The J! Archive is created by fans, for fans. Scraping, republication, monetization, and malicious use prohibited; this site may use cookies and collect identifying information. See terms. The Jeopardy! game show and all elements thereof, including but not limited to copyright and trademark thereto, are the property of Jeopardy Productions, Inc. and are protected under law. This website is not affiliated with, sponsored by, or operated by Jeopardy Productions, Inc. Join the discussion at JBoard.tv.